000 00282nam a2200121Ia 4500
008 201210s9999 xx 000 0 und d
100 _aSubramaniam, Capt. H.
245 0 _aShip stability
260 _aBombay
_bVijaya Publications
300 _a210
490 _vVol-III
942 _cBK
999 _c5564
_d5564